Propaganda towards disarmament in the war of words /

Bibliographic Details
Main Author: Whitton, John Boardman, 1892-
Format: Book
Language:English
Published: Dobbs Ferry, N.Y. : Published for the World Rule of Law Center, Duke University by Oceana Publications, [1963]
Subjects:

MARC

Tag First Indicator Second Indicator Subfields
LEADER 00000cam a2200000 4500
001 in00000205921
005 20151009062908.0
008 750505s1964 nyu b 00010 eng d
010 |a  63019593  
035 |a (OCoLC)01312052 
035 |9 AAX9070AM 
040 |c ORL  |d TXA  |d UtOrBLW 
049 |a TXAM  |c [906137] 
050 0 0 |a JX4079.P7  |b W5 
082 0 |a 341.1 
100 1 |a Whitton, John Boardman,  |d 1892- 
245 1 0 |a Propaganda towards disarmament in the war of words /  |c by John B. Whitton and Arthur Larson. 
264 1 |a Dobbs Ferry, N.Y. :  |b Published for the World Rule of Law Center, Duke University by Oceana Publications,  |c [1963] 
264 4 |c [©1963] 
300 |a xi, 305 pages ;  |c 24 cm. 
336 |a text  |b txt  |2 rdacontent 
337 |a unmediated  |b n  |2 rdamedia 
338 |a volume  |b nc  |2 rdacarrier 
504 |a Bibliography: pages 277-294. 
650 0 |a Propaganda, International. 
650 0 |a Crimes against peace. 
999 |a MARS 
999 f f |s 14a7d3e5-c04a-36d3-91ca-a2f3701daacb  |i c3ae1297-b297-35e9-86e3-6b0990effe06  |t 0 
952 f f |p ric  |a Texas A&M University  |b Rellis Campus  |c Joint Library Facility  |d Remote Storage  |t 0  |e JX4079.P7 W5  |h Library of Congress classification  |i unmediated -- volume  |m A14803145123 
998 f f |a JX4079.P7 W5  |t 0  |l Remote Storage